000 01035nam a22003137a 4500
001 BR6004662
003 BR-BrBNA
005 20230928083214.0
007 ta
008 230509b bl.||||| |||| 00| 0 por d
040 _aBR-BrBNA
_bpor
_cBiblioteca Nacional de Agricultura
041 _a(Por)
072 _aF22; F25
_b3810
_b/G514
090 _ 3810 BR6004662
100 1 _aOliveira, V. de
110 1 _aUniversidade Federal do Rio Grande do Sul, Porto Alegre (Brasil). Faculdade de Agronomia e Veterinaria
_0Tese (Magister Scientiae em Solos)
_911161
245 1 _aFormas de potassio em 21 solos do Rio Grande do Sul e sua capacidade de suprir potassio as plantas [Brasil]
260 3 _aPorto Alegre, RS (Brasil):
_c1970.
300 _a91 p.
500 _a46 ref.; Summary (Por); Microficha
650 _aQuimica do solo
650 _aFertilidade do solo
650 _aPotassio
650 _aAnalise do solo
650 _aSolo
650 _aRio Grande do Sul
909 _a202309
_bLucia
_c55
_dLucia Elande
942 _cBK
999 _c12139
_d12139